000 00694nam a2200241 a 4500
003 AR-BaBNM
005 20251128205026.0
008 082120s2002 ||||||||||||||000 | spa||
020 _a84-316-2723-9
040 _cAR-BaBNM
245 0 0 _aEnciclopedia internacional de la educación
_n2
250 _a1ª ed.
260 _aBarcelona
_bVicens Vives
_bMinisterio de educacion y ciencia
_c1985
300 _ap. 675-1270
_btablas
504 _aContiene bibliografía al final de cada tama
650 4 _aENCICLOPEDIAS
650 4 _aEDUCACION
655 _aREFERENCIA
700 1 _aHusen, Torsten
_edirector
700 1 _aPostlethwaite, T. Neville
_edirector
942 _cBK
998 _cRaquel
999 _c9704
_d9704